书目信息 |
| 题名: |
考研英语知识运用高分突破
|
|
| 作者: | 曾鸣 , 张剑,霍岩 编著 | |
| 分册: | ||
| 出版信息: | 北京 世界图书出版公司北京公司 2013.07 |
|
| 页数: | 237页 | |
| 开本: | 26cm | |
| 丛书名: | ||
| 单 册: | ||
| 中图分类: | H31 | |
| 科图分类: | ||
| 主题词: | 英语--研究生--入学考试--自学参考资料 | |
| 电子资源: | ||
| ISBN: | 978-7-5100-0982-2 | |
| 000 | 01044nam0 2200289 450 | |
| 001 | 0100140791 | |
| 005 | 20141020221641.0 | |
| 010 | @a978-7-5100-0982-2@dCNY29.80 | |
| 100 | @a20140917d2013 em y0chiy50 ea | |
| 101 | 0 | @achi@aeng |
| 101 | 11 | @achi |
| 102 | @aCN@b110000 | |
| 105 | @ay z 000yy | |
| 106 | @ar | |
| 200 | 1 | @a考研英语知识运用高分突破@Akao yan ying yu zhi shi yun yong gao fen tu po@b专著@f曾鸣,张剑,霍岩编著@Fceng ming zhang jian huo yan bian zhu |
| 210 | @a北京@c世界图书出版公司北京公司@d2013.07 | |
| 215 | @a237页@d26cm | |
| 300 | @a考研命题权威书系 考研英语系列 高教版 | |
| 330 | @a本书分理论篇和实践篇两篇。理论篇包括:知识运用概述、语法基础知识、词汇准备。实践篇包括:社会生活、伦理类;商业经济类;文化历史教育类;科普类。 | |
| 540 | @a考研英语知识运用高分突破 | |
| 606 | 0 | @a英语@x研究生@x入学考试@j自学参考资料 |
| 690 | @aH31@v5 | |
| 701 | 0 | @a曾鸣@Aceng ming@4编著 |
| 701 | 1 | @a张剑,霍岩@Azhang jian , huo yan@4编著 |
| 801 | @aCN | |
| 901 | @a001 | |
| 905 | @b1104148-50@dH31@eC024@f3@a241430 | |
| 考研英语知识运用高分突破/曾鸣,张剑,霍岩编著.-北京:世界图书出版公司北京公司,2013.07 |
| 237页;26cm |
| 考研命题权威书系 考研英语系列 高教版 |
| ISBN 978-7-5100-0982-2:CNY29.80 |
| 本书分理论篇和实践篇两篇。理论篇包括:知识运用概述、语法基础知识、词汇准备。实践篇包括:社会生活、伦理类;商业经济类;文化历史教育类;科普类。 |
| ● |
| 相关链接 |
|
|
|
正题名:考研英语知识运用高分突破
索取号:H31/C024
 
预约/预借
| 序号 | 登录号 | 条形码 | 馆藏地/架位号 | 状态 | 备注 |
| 1 | 1104148 | 211041488 | 语言库209/209语言库 80排2列2层/ [索取号:H31/C024] | 在馆 | |
| 2 | 1104149 | 211041497 | 语言库209/209语言库 80排2列2层/ [索取号:H31/C024] | 在馆 | |
| 3 | 1104150 | 211041503 | 语言库209/209语言库 80排2列2层/ [索取号:H31/C024] | 在馆 |